[Event "IECG QN.2001.0.00166"]
[Site "IECG email"]
[Date "2001.02.19"]
[Round "?"]
[White "Fixemer, Frank"]
[Black "Kinell, Mats"]
[Result "0-1"]
[WhiteElo "800"]
[BlackElo "800"]
[PlyCount "72"]
[EventDate "2001.02.19"]
[EventType "tourn (corr)"]
[EventRounds "6"]
[SourceTitle "Corr 2008"]
[Source "ChessBase"]
[SourceDate "2008.06.24"]
[SourceVersion "1"]
[SourceVersionDate "2008.06.24"]
[SourceQuality "1"]

1. e4 e5 2. Nf3 Nc6 3. Bb5 Nf6 4. Bxc6 dxc6 5. d3 Qd6 6. 0-0 c5 7. c4 h5 8. Qd2 g6 9. Qg5 Nd7 10. Rd1 Be7 11. Qe3 f5 12. exf5 gxf5 13. Nc3 c6 14. Qe2 Rg8 15. g3 f4 16. Ne4 Qg6 17. Kf1 h4 18. a3 a5 19. b3 b6 20. Bb2 Nf6 21. Nxh4 Bh3+ 22. Ke1 Qg4 23. Qxg4 Nxg4 24. Nf3 Bg2 25. Nxe5 Ne3 26. fxe3 fxe3 27. Ke2 Bg5 28. Nxg5 Rxg5 29. Kxe3 0-0-0 30. Nf7 Re8+ 31. Kf4 Rg6 32. Kf5 Rge6 33. Rd2 Bh3+ 34. Kf4 Rf8 35. g4 Rxf7+ 36. Kg3 Re3+ 0-1